[Event "POR-ch Absolute 2019"]
[Site "Portimao"]
[Date "2019.09.12"]
[Round "6.4"]
[White "Galego, Luis"]
[Black "Leonardo, Joao"]
[Result "1-0"]
[WhiteElo "2501"]
[BlackElo "2177"]
[Annotator "ChessBase"]
[PlyCount "95"]
[EventDate "2019.09.07"]
[EventType "tourn"]
[EventCountry "POR"]
[SourceTitle "playchess.com"]
[Source "ChessBase"]
[SourceQuality "1"]
[TimeControl "5400+30"]

1. d4 {[%emt 0:02:08]} g6 {[%emt 0:00:00]} 2. e4 {[%emt 0:00:30]} Bg7 {[%emt 0:00:00]} 3. c3 {[%emt 0:00:22]} d6 {[%emt 0:00:18]} 4. Nf3 {[%emt 0:00:41]} c6 {[%emt 0:01:45]} 5. h3 {[%emt 0:01:09]} Nf6 {[%emt 0:00:09]} 6. Bd3 {[%emt 0:00:37]} O-O {[%emt 0:00:03]} 7. O-O {[%emt 0:00:12]} Nbd7 {[%emt 0:01:00]} 8. e5 {[%emt 0:04:20]} Ne8 {[%emt 0:02:13]} 9. exd6 {[%emt 0:00:16]} exd6 {[%emt 0:00:57]} 10. Bg5 {[%emt 0:01:33]} Bf6 {[%emt 0:01:14]} 11. Bf4 {[%emt 0:03:01]} Bg7 {[%emt 0:05:02]} 12. Nbd2 {[%emt 0:08:13]} d5 {[%emt 0:04:08]} 13. Re1 {[%emt 0:00:19]} Ndf6 {[%emt 0:03:01]} 14. a4 {[%emt 0:01:48]} Nd6 {[%emt 0:00:40]} 15. a5 {[%emt 0:01:04]} Re8 {[%emt 0:04:35]} 16. a6 {[%emt 0:07:39]} Nfe4 {[%emt 0:09:18]} 17. axb7 {[%emt 0:03:22]} Bxb7 {[%emt 0:00:04]} 18. Qc2 {[%emt 0:08:50]} f5 {[%emt 0:06:23]} 19. Be5 {[%emt 0:02:28]} Nxd2 {[%emt 0:02:11]} 20. Nxd2 {[%emt 0:01:44]} Bxe5 {[%emt 0:02:06]} 21. dxe5 {[%emt 0:00:07]} Ne4 {[%emt 0:00:10]} 22. Bxe4 {[%emt 0:01:58]} fxe4 {[%emt 0:00:14]} 23. Nxe4 {[%emt 0:01:39]} Rxe5 {[%emt 0:02:05]} 24. Nc5 {[%emt 0:00:29]} Rxe1+ {[%emt 0:00:30]} 25. Rxe1 {[%emt 0:00:05]} Bc8 {[%emt 0:00:07]} 26. Qa4 {[%emt 0:00:29]} Bd7 {[%emt 0:13:04]} 27. Qf4 {[%emt 0:04:17]} Rc8 {[%emt 0:11:08]} 28. h4 {[%emt 0:10:17]} Bf5 {[%emt 0:03:50]} 29. h5 {[%emt 0:09:09]} Qf8 {[%emt 0:07:19]} 30. hxg6 {[%emt 0:01:24]} Bxg6 {[%emt 0:08:51]} 31. Qd4 {[%emt 0:01:33]} Re8 {[%emt 0:01:26]} 32. Re3 {[%emt 0:00:57]} Qf7 {[%emt 0:00:23]} 33. b4 {[%emt 0:00:47]} Re7 {[%emt 0:00:29]} 34. f3 {[%emt 0:01:47]} Bf5 {[%emt 0:02:24]} 35. Kf2 {[%emt 0:01:11]} Qe8 {[%emt 0:03:33]} 36. Qf4 {[%emt 0:05:13]} Rxe3 {[%emt 0:02:30]} 37. Qxe3 {[%emt 0:00:11]} Qd8 {[%emt 0:00:36]} 38. Qe5 {[%emt 0:02:55]} Bc8 {[%emt 0:03:03]} 39. Qg3+ {[%emt 0:02:10]} Kf8 {[%emt 0:00:25]} 40. Qf4+ {[%emt 0:00:00]} Kg8 {[%emt 0:00:00]} 41. Nb3 {[%emt 0:00:00]} Be6 {[%emt 0:00:00]} 42. Nd4 {[%emt 0:00:00]} Bd7 {[%emt 0:00:00]} 43. Qd6 {[%emt 0:00:00]} Kf7 {[%emt 0:00:00]} 44. g4 {[%emt 0:00:00]} Kg8 {[%emt 0:00:00]} 45. Ne2 {[%emt 0:00:00]} Qe8 {[%emt 0:00:00]} 46. Nf4 {[%emt 0:00:00]} Bc8 {[%emt 0:00:00]} 47. Nh5 {[%emt 0:00:00]} Qe6 {[%emt 0:01:03]} 48. Qc7 {[%emt 0:00:00]} 1-0

[Event "POR-ch Absolute 2019"]
[Site "Portimao"]
[Date "2019.09.12"]
[Round "6.5"]
[White "Veiga, Jose Francisco R P N"]
[Black "Rocha, Sergio"]
[Result "0-1"]
[WhiteElo "2345"]
[BlackElo "2356"]
[Annotator "NA"]
[PlyCount "58"]
[EventDate "2019.09.07"]
[EventType "tourn"]
[EventCountry "POR"]
[SourceTitle "playchess.com"]
[Source "ChessBase"]
[SourceQuality "1"]
[TimeControl "5400+30"]

1. e4 {[%emt 0:00:00]} d5 {[%emt 0:00:00]} 2. exd5 {[%emt 0:00:27]} Qxd5 {[%emt 0:00:00]} 3. Nc3 {[%emt 0:00:18]} Qa5 {[%emt 0:00:00]} 4. d4 {[%emt 0:00:21]} Nf6 {[%emt 0:00:09]} 5. Nf3 {[%emt 0:00:12]} c6 {[%emt 0:00:06]} 6. Bc4 {[%emt 0:00:27]} Bf5 {[%emt 0:00:08]} 7. Bd2 {[%emt 0:01:29]} e6 {[%emt 0:00:26]} 8. Qe2 {[%emt 0:05:39]} Bb4 {[%emt 0:00:26]} 9. O-O {[%emt 0:05:08]} Nbd7 {[%emt 0:00:46]} 10. a3 {[%emt 0:01:09]} Bxc3 {[%emt 0:00:15]} 11. Bxc3 {[%emt 0:00:17]} Qc7 {[%emt 0:00:35]} 12. Ba2 {[%emt 0:06:21]} O-O {[%emt 0:00:43]} 13. Rac1 {[%emt 0:04:30]} b5 {[%emt 0:07:27]} 14. Bd2 {[%emt 0:06:37]} Be4 {[%emt 0:04:53]} 15. Ng5 {[%emt 0:04:55]} Bd5 {[%emt 0:04:03]} 16. b3 {[%emt 0:00:44]} h6 {[%emt 0:00:09]} 17. Nh3 {[%emt 0:02:58]} Be4 {[%emt 0:01:29]} 18. Rfd1 {[%emt 0:09:08]} Bf5 {[%emt 0:04:07]} 19. Bf4 {[%emt 0:01:41]} Qa5 {[%emt 0:01:01]} 20. Bd6 {[%emt 0:00:29]} Rfe8 {[%emt 0:00:28]} 21. Nf4 {[%emt 0:01:48]} Ne4 {[%emt 0:01:56]} 22. Bb4 {[%emt 0:03:00]} Qc7 {[%emt 0:00:27]} 23. Nd3 {[%emt 0:00:29]} a5 {[%emt 0:00:21]} 24. Be1 {[%emt 0:03:48]} Qd6 {[%emt 0:09:38]} 25. b4 {[%emt 0:00:28]} Ndf6 {[%emt 0:03:34]} 26. Ne5 {[%emt 0:06:09]} axb4 {[%emt 0:05:09]} 27. Bxb4 {[%emt 0:00:10]} c5 {[%emt 0:00:21]} 28. dxc5 {[%emt 0:04:20]} Qxe5 {[%emt 0:00:41]} 29. f3 {[%emt 0:00:04]} Qb2 {[%emt 0:02:55]} 0-1

[Event "POR-ch Absolute 2019"]
[Site "Portimao"]
[Date "2019.09.13"]
[Round "7.1"]
[White "Rocha, Sergio"]
[Black "Rego, Pedro Filipe"]
[Result "1/2-1/2"]
[WhiteElo "2356"]
[BlackElo "2235"]
[Annotator "NA"]
[PlyCount "59"]
[EventDate "2019.09.07"]
[EventType "tourn"]
[EventCountry "POR"]
[SourceTitle "playchess.com"]
[Source "ChessBase"]
[SourceQuality "1"]
[TimeControl "5400+30"]

1. d4 {[%emt 0:00:00]} Nf6 {[%emt 0:10:07]} 2. c4 {[%emt 0:00:00]} c5 {[%emt 0:00:22]} 3. d5 {[%emt 0:00:00]} b5 {[%emt 0:00:04]} 4. cxb5 {[%emt 0:00:00]} a6 {[%emt 0:00:03]} 5. bxa6 {[%emt 0:00:08]} g6 {[%emt 0:00:11]} 6. Nc3 {[%emt 0:00:11]} Bg7 {[%emt 0:00:04]} 7. e4 {[%emt 0:00:07]} O-O {[%emt 0:00:05]} 8. Nf3 {[%emt 0:02:11]} Qa5 {[%emt 0:01:01]} 9. Bd2 {[%emt 0:09:41]} Bxa6 {[%emt 0:04:29]} 10. Bxa6 {[%emt 0:00:23]} Qxa6 {[%emt 0:00:16]} 11. Qe2 {[%emt 0:00:18]} e6 {[%emt 0:00:46]} 12. dxe6 {[%emt 0:04:35]} fxe6 {[%emt 0:00:13]} 13. Be3 {[%emt 0:03:47]} Rc8 {[%emt 0:17:59]} 14. Qxa6 {[%emt 0:09:55]} Nxa6 {[%emt 0:00:54]} 15. O-O {[%emt 0:02:09]} Nb4 {[%emt 0:08:10]} 16. Bg5 {[%emt 0:04:51]} d5 {[%emt 0:13:23]} 17. Bxf6 {[%emt 0:15:23]} Bxf6 {[%emt 0:00:12]} 18. exd5 {[%emt 0:01:59]} Nxd5 {[%emt 0:09:00]} 19. Rfc1 {[%emt 0:07:58]} Nxc3 {[%emt 0:04:11]} 20. bxc3 {[%emt 0:00:18]} Ra3 {[%emt 0:00:37]} 21. Rc2 {[%emt 0:00:06]} Rca8 {[%emt 0:00:26]} 22. h4 {[%emt 0:09:37]} Bxc3 {[%emt 0:05:42]} 23. Rb1 {[%emt 0:03:44]} Bb4 {[%emt 0:02:39]} 24. Rbb2 {[%emt 0:00:09]} Rd3 {[%emt 0:01:55]} 25. Ng5 {[%emt 0:03:07]} Ra6 {[%emt 0:04:19]} 26. Ne4 {[%emt 0:01:47]} Ra5 {[%emt 0:00:44]} 27. Re2 {[%emt 0:02:25]} Ra6 {[%emt 0:03:27]} 28. Rec2 {[%emt 0:05:49]} Ra5 {[%emt 0:02:21]} 29. Re2 {[%emt 0:00:30]} Ra6 {[%emt 0:00:04]} 30. Rec2 {[%emt 0:02:19]} 1/2-1/2

[Event "POR-ch Absolute 2019"]
[Site "Portimao"]
[Date "2019.09.13"]
[Round "7.2"]
[White "Leonardo, Joao"]
[Black "Veiga, Jose Francisco R P N"]
[Result "1/2-1/2"]
[WhiteElo "2177"]
[BlackElo "2345"]
[Annotator "NA"]
[PlyCount "75"]
[EventDate "2019.09.07"]
[EventType "tourn"]
[EventCountry "POR"]
[SourceTitle "playchess.com"]
[Source "ChessBase"]
[SourceQuality "1"]
[TimeControl "5400+30"]

1. e4 {[%emt 0:01:16]} e5 {[%emt 0:00:00]} 2. Nf3 {[%emt 0:00:16]} Nc6 {[%emt 0:00:00]} 3. Bb5 {[%emt 0:00:08]} a6 {[%emt 0:00:10]} 4. Bxc6 {[%emt 0:00:03]} dxc6 {[%emt 0:00:12]} 5. O-O {[%emt 0:00:06]} Ne7 {[%emt 0:00:21]} 6. d4 {[%emt 0:01:53]} exd4 {[%emt 0:00:22]} 7. Nxd4 {[%emt 0:00:26]} c5 {[%emt 0:01:27]} 8. Nb3 {[%emt 0:00:13]} Qxd1 {[%emt 0:01:33]} 9. Rxd1 {[%emt 0:00:12]} Ng6 {[%emt 0:01:07]} 10. Nc3 {[%emt 0:02:26]} Bd7 {[%emt 0:00:19]} 11. Be3 {[%emt 0:01:11]} b6 {[%emt 0:00:15]} 12. Nd5 {[%emt 0:02:54]} O-O-O {[%emt 0:00:59]} 13. f3 {[%emt 0:04:50]} f5 {[%emt 0:02:57]} 14. Nd2 {[%emt 0:06:48]} Be6 {[%emt 0:02:58]} 15. c4 {[%emt 0:05:07]} Bd6 {[%emt 0:01:59]} 16. Rab1 {[%emt 0:02:02]} f4 {[%emt 0:01:46]} 17. Bf2 {[%emt 0:00:15]} a5 {[%emt 0:02:27]} 18. a3 {[%emt 0:01:54]} Kb7 {[%emt 0:01:04]} 19. b4 {[%emt 0:02:28]} cxb4 {[%emt 0:02:11]} 20. axb4 {[%emt 0:01:01]} Bxd5 {[%emt 0:00:45]} 21. c5 {[%emt 0:15:57]} Ba2 {[%emt 0:23:13]} 22. Rb2 {[%emt 0:02:01]} Be5 {[%emt 0:13:07]} 23. Rxa2 {[%emt 0:03:19]} axb4 {[%emt 0:00:08]} 24. cxb6 {[%emt 0:01:02]} cxb6 {[%emt 0:00:07]} 25. Rb1 {[%emt 0:00:50]} Bc3 {[%emt 0:00:50]} 26. Nc4 {[%emt 0:00:47]} b5 {[%emt 0:01:38]} 27. Ra7+ {[%emt 0:00:22]} Kb8 {[%emt 0:02:17]} 28. Na5 {[%emt 0:03:46]} Ne5 {[%emt 0:00:59]} 29. Rb7+ {[%emt 0:01:30]} Kc8 {[%emt 0:01:25]} 30. Rxb5 {[%emt 0:00:51]} Nd3 {[%emt 0:00:09]} 31. Nc6 {[%emt 0:01:14]} Rde8 {[%emt 0:01:17]} 32. Rd1 {[%emt 0:03:48]} Kc7 {[%emt 0:05:40]} 33. Rxd3 {[%emt 0:01:15]} Kxc6 {[%emt 0:00:03]} 34. Rb6+ {[%emt 0:00:12]} Kc7 {[%emt 0:00:06]} 35. Rdd6 {[%emt 0:15:41]} Ra8 {[%emt 0:00:56]} 36. Rbc6+ {[%emt 0:08:53]} Kb7 {[%emt 0:00:22]} 37. Rb6+ {[%emt 0:00:06]} Kc7 {[%emt 0:00:04]} 38. Rbc6+ {[%emt 0:00:07]} 1/2-1/2

[Event "POR-ch Absolute 2019"]
[Site "Portimao"]
[Date "2019.09.13"]
[Round "7.3"]
[White "Fidalgo, Andre Neves"]
[Black "Galego, Luis"]
[Result "1-0"]
[WhiteElo "2261"]
[BlackElo "2501"]
[Annotator "ChessBase"]
[PlyCount "131"]
[EventDate "2019.09.07"]
[EventType "tourn"]
[EventCountry "POR"]
[SourceTitle "playchess.com"]
[Source "ChessBase"]
[SourceQuality "1"]
[TimeControl "5400+30"]

1. d4 {[%emt 0:00:00]} d6 {[%emt 0:02:47]} 2. c4 {[%emt 0:00:00]} e5 {[%emt 0:00:20]} 3. Nf3 {[%emt 0:00:55]} exd4 {[%emt 0:01:47]} 4. Nxd4 {[%emt 0:00:20]} Nf6 {[%emt 0:00:17]} 5. Nc3 {[%emt 0:00:13]} Be7 {[%emt 0:02:03]} 6. e4 {[%emt 0:00:24]} O-O {[%emt 0:00:06]} 7. Be2 {[%emt 0:00:04]} Re8 {[%emt 0:00:22]} 8. O-O {[%emt 0:00:11]} Bf8 {[%emt 0:00:03]} 9. f3 {[%emt 0:00:26]} c6 {[%emt 0:00:05]} 10. Rb1 {[%emt 0:03:56]} a6 {[%emt 0:06:19]} 11. Bg5 {[%emt 0:02:58]} Nbd7 {[%emt 0:02:22]} 12. Qd2 {[%emt 0:03:21]} h6 {[%emt 0:01:12]} 13. Be3 {[%emt 0:00:44]} d5 {[%emt 0:02:07]} 14. exd5 {[%emt 0:06:56]} cxd5 {[%emt 0:00:08]} 15. Bf2 {[%emt 0:00:43]} Nb6 {[%emt 0:05:39]} 16. cxd5 {[%emt 0:05:28]} Nbxd5 {[%emt 0:00:26]} 17. Rfd1 {[%emt 0:00:24]} Bb4 {[%emt 0:03:47]} 18. Bf1 {[%emt 0:03:26]} Nxc3 {[%emt 0:02:42]} 19. bxc3 {[%emt 0:00:08]} Bc5 {[%emt 0:02:56]} 20. Qb2 {[%emt 0:03:07]} Qc7 {[%emt 0:03:50]} 21. Bg3 {[%emt 0:05:03]} Qa5 {[%emt 0:11:40]} 22. Kh1 {[%emt 0:08:13]} Nh5 {[%emt 0:03:08]} 23. Bf2 {[%emt 0:00:49]} Qc7 {[%emt 0:01:24]} 24. Qb3 {[%emt 0:07:38]} Bd6 {[%emt 0:02:00]} 25. Qd5 {[%emt 0:09:04]} Be5 {[%emt 0:05:55]} 26. g3 {[%emt 0:11:46]} Nf6 {[%emt 0:01:04]} 27. Qb3 {[%emt 0:01:33]} Rb8 {[%emt 0:05:13]} 28. Rbc1 {[%emt 0:07:00]} Bd7 {[%emt 0:01:34]} 29. c4 {[%emt 0:00:07]} b6 {[%emt 0:06:23]} 30. Kg1 {[%emt 0:02:56]} Red8 {[%emt 0:01:39]} 31. Rc2 {[%emt 0:01:24]} Bd6 {[%emt 0:00:56]} 32. Rcd2 {[%emt 0:00:38]} Bc5 {[%emt 0:00:22]} 33. Qb2 {[%emt 0:00:45]} Ba4 {[%emt 0:01:42]} 34. Nb3 {[%emt 0:00:26]} Bxf2+ {[%emt 0:00:28]} 35. Kxf2 {[%emt 0:00:09]} Re8 {[%emt 0:01:28]} 36. Rd6 {[%emt 0:02:44]} Bxb3 {[%emt 0:04:27]} 37. axb3 {[%emt 0:00:28]} Qc5+ {[%emt 0:00:45]} 38. Qd4 {[%emt 0:00:13]} Qb4 {[%emt 0:00:23]} 39. Qd3 {[%emt 0:00:53]} Re7 {[%emt 0:02:13]} 40. Rd8+ {[%emt 0:00:00]} Rxd8 {[%emt 0:00:00]} 41. Qxd8+ {[%emt 0:00:00]} Re8 {[%emt 0:00:00]} 42. Qd3 {[%emt 0:00:00]} a5 {[%emt 0:00:00]} 43. Rd2 {[%emt 0:00:00]} g6 {[%emt 0:00:00]} 44. Rd1 {[%emt 0:00:00]} Kg7 {[%emt 0:00:00]} 45. Rd2 {[%emt 0:00:00]} h5 {[%emt 0:00:00]} 46. h4 {[%emt 0:00:00]} Re5 {[%emt 0:00:00]} 47. Qd6 {[%emt 0:00:00]} Rc5 {[%emt 0:00:00]} 48. Rd3 {[%emt 0:00:00]} b5 {[%emt 0:00:00]} 49. Rd4 {[%emt 0:00:00]} bxc4 {[%emt 0:13:08]} 50. Rf4 {[%emt 0:04:05]} Nd5 {[%emt 0:02:18]} 51. Rd4 {[%emt 0:03:33]} Qb6 {[%emt 0:01:08]} 52. Qxb6 {[%emt 0:01:21]} Nxb6 {[%emt 0:00:02]} 53. bxc4 {[%emt 0:01:13]} a4 {[%emt 0:00:15]} 54. Rd2 {[%emt 0:01:53]} Ra5 {[%emt 0:01:58]} 55. Ke3 {[%emt 0:00:40]} a3 {[%emt 0:02:10]} 56. Ra2 {[%emt 0:00:05]} Kf6 {[%emt 0:00:21]} 57. Kd4 {[%emt 0:00:50]} Nd7 {[%emt 0:00:01]} 58. Be2 {[%emt 0:02:21]} Ke6 {[%emt 0:00:29]} 59. Kc3 {[%emt 0:01:25]} Ne5 {[%emt 0:00:04]} 60. f4 {[%emt 0:00:23]} Nd7 {[%emt 0:02:07]} 61. Kb4 {[%emt 0:00:15]} Ra8 {[%emt 0:00:10]} 62. Rxa3 {[%emt 0:00:27]} Rxa3 {[%emt 0:00:11]} 63. Kxa3 {[%emt 0:00:05]} Nc5 {[%emt 0:00:15]} 64. Bf3 {[%emt 0:03:11]} f6 {[%emt 0:00:36]} 65. Kb4 {[%emt 0:00:28]} g5 {[%emt 0:00:44]} 66. Kxc5 {[%emt 0:00:37] Kd5+} 1-0

[Event "POR-ch Absolute 2019"]
[Site "Portimao"]
[Date "2019.09.13"]
[Round "7.4"]
[White "Sousa, Andre Ventura"]
[Black "Damaso, Rui"]
[Result "1/2-1/2"]
[WhiteElo "2362"]
[BlackElo "2416"]
[Annotator "NA"]
[PlyCount "83"]
[EventDate "2019.09.07"]
[EventType "tourn"]
[EventCountry "POR"]
[SourceTitle "playchess.com"]
[Source "ChessBase"]
[SourceQuality "1"]
[TimeControl "5400+30"]

1. e4 {[%emt 0:00:00]} c5 {[%emt 0:09:11]} 2. Nf3 {[%emt 0:00:00]} Nc6 {[%emt 0:00:57]} 3. d4 {[%emt 0:00:00]} cxd4 {[%emt 0:00:08]} 4. Nxd4 {[%emt 0:00:00]} Qb6 {[%emt 0:00:26]} 5. Nb3 {[%emt 0:00:00]} Nf6 {[%emt 0:00:18]} 6. Nc3 {[%emt 0:00:01]} e6 {[%emt 0:00:12]} 7. Be3 {[%emt 0:00:05]} Qc7 {[%emt 0:00:11]} 8. Bd3 {[%emt 0:01:15]} Bb4 {[%emt 0:08:16]} 9. O-O {[%emt 0:00:29]} Bxc3 {[%emt 0:00:40]} 10. bxc3 {[%emt 0:00:05]} e5 {[%emt 0:02:01]} 11. f4 {[%emt 0:07:29]} d6 {[%emt 0:06:18]} 12. fxe5 {[%emt 0:03:40]} dxe5 {[%emt 0:05:03]} 13. Qf3 {[%emt 0:05:44]} h6 {[%emt 0:39:52]} 14. Bc4 {[%emt 0:14:56]} Be6 {[%emt 0:06:10]} 15. Bd5 {[%emt 0:08:25]} Bxd5 {[%emt 0:02:20]} 16. exd5 {[%emt 0:00:06]} e4 {[%emt 0:00:27]} 17. Qd1 {[%emt 0:09:26]} Rd8 {[%emt 0:00:47]} 18. c4 {[%emt 0:02:01]} Ne7 {[%emt 0:01:34]} 19. Qd4 {[%emt 0:08:33]} b5 {[%emt 0:01:25]} 20. Rxf6 {[%emt 0:17:34]} gxf6 {[%emt 0:00:13]} 21. Qxf6 {[%emt 0:00:03]} Rg8 {[%emt 0:05:07]} 22. Rf1 {[%emt 0:01:42]} Ng6 {[%emt 0:00:05]} 23. Bc5 {[%emt 0:05:56]} Rd7 {[%emt 0:00:04]} 24. d6 Qd8 {[%emt 0:01:37]} 25. Qf5 {[%emt 0:02:41]} Qh4 {[%emt 0:01:45]} 26. g3 {[%emt 0:02:16]} bxc4 {[%emt 0:02:02]} 27. Re1 {[%emt 0:02:13]} cxb3 {[%emt 0:01:11]} 28. Rxe4+ {[%emt 0:00:06]} Ne7 {[%emt 0:00:05]} 29. Rxe7+ {[%emt 0:03:23]} Qxe7 {[%emt 0:00:05]} 30. dxe7 {[%emt 0:00:03]} Rg5 {[%emt 0:00:06]} 31. Qe4 {[%emt 0:00:59]} Rxc5 {[%emt 0:00:44]} 32. axb3 {[%emt 0:00:18]} Rd1+ {[%emt 0:00:41]} 33. Kf2 {[%emt 0:00:12]} Rd2+ {[%emt 0:00:04]} 34. Kf3 {[%emt 0:00:25]} Rdxc2 {[%emt 0:00:30]} 35. Qa8+ {[%emt 0:00:06]} Kxe7 {[%emt 0:00:28]} 36. Qxa7+ {[%emt 0:00:03]} Kf6 {[%emt 0:00:32]} 37. Qb6+ {[%emt 0:01:34]} Rc6 {[%emt 0:01:12]} 38. Qd4+ {[%emt 0:00:11]} Kg6 {[%emt 0:00:15]} 39. Qe4+ {[%emt 0:01:28]} Kg7 {[%emt 0:00:10]} 40. Kg4 {[%emt 0:00:00]} R6c5 {[%emt 0:00:00]} 41. Qd4+ {[%emt 0:00:00]} Kg6 {[%emt 0:00:00]} 42. Qd6+ {[%emt 0:00:00]} 1/2-1/2

[Event "POR-ch Absolute 2019"]
[Site "Portimao"]
[Date "2019.09.13"]
[Round "7.5"]
[White "Dias, Paulo"]
[Black "Fernandes, Antonio"]
[Result "1/2-1/2"]
[WhiteElo "2322"]
[BlackElo "2368"]
[Annotator "NA"]
[PlyCount "116"]
[EventDate "2019.09.07"]
[EventType "tourn"]
[EventCountry "POR"]
[SourceTitle "playchess.com"]
[Source "ChessBase"]
[SourceQuality "1"]
[TimeControl "5400+30"]

1. d4 {[%emt 0:01:39]} Nf6 {[%emt 0:09:48]} 2. c4 {[%emt 0:00:19]} e6 {[%emt 0:00:30]} 3. Nc3 {[%emt 0:00:07]} Bb4 {[%emt 0:00:20]} 4. Nf3 {[%emt 0:00:53]} c5 {[%emt 0:00:19]} 5. g3 {[%emt 0:00:44]} cxd4 {[%emt 0:00:29]} 6. Nxd4 {[%emt 0:00:10]} Nc6 {[%emt 0:00:03]} 7. Bg2 {[%emt 0:04:46]} Qb6 {[%emt 0:01:24]} 8. Nc2 {[%emt 0:12:38]} Be7 {[%emt 0:03:17]} 9. O-O {[%emt 0:01:20]} d6 {[%emt 0:04:27]} 10. b4 {[%emt 0:11:16]} O-O {[%emt 0:00:59]} 11. e4 {[%emt 0:13:14]} Ne5 {[%emt 0:06:49]} 12. Qe2 {[%emt 0:04:05]} Bd7 {[%emt 0:00:42]} 13. Be3 {[%emt 0:03:57]} Qa6 {[%emt 0:01:39]} 14. b5 {[%emt 0:09:26]} Qa5 {[%emt 0:02:46]} 15. Bd4 {[%emt 0:00:32]} Rac8 {[%emt 0:15:45]} 16. Ne3 {[%emt 0:00:16]} Nxc4 {[%emt 0:13:47]} 17. Nxc4 {[%emt 0:02:14]} Qb4 {[%emt 0:00:13]} 18. e5 {[%emt 0:18:01]} dxe5 {[%emt 0:00:41]} 19. Bxe5 {[%emt 0:00:12]} Qxc4 {[%emt 0:14:06]} 20. Bxb7 {[%emt 0:00:45]} Qxe2 {[%emt 0:00:13]} 21. Nxe2 {[%emt 0:00:08]} Rc5 {[%emt 0:00:11]} 22. Bd4 {[%emt 0:04:50]} Rxb5 {[%emt 0:00:02]} 23. Rfb1 {[%emt 0:00:34]} Rb8 {[%emt 0:01:55]} 24. Rxb5 {[%emt 0:01:02]} Bxb5 {[%emt 0:00:37]} 25. Bf3 {[%emt 0:00:17]} a6 {[%emt 0:00:37]} 26. Nc3 {[%emt 0:01:58]} Bc4 {[%emt 0:02:29]} 27. Be5 {[%emt 0:00:25]} Rd8 {[%emt 0:05:53]} 28. Rb1 {[%emt 0:01:09]} Nd7 {[%emt 0:01:23]} 29. Bc7 {[%emt 0:02:39]} Rc8 {[%emt 0:00:46]} 30. Ba5 {[%emt 0:00:02]} Nc5 {[%emt 0:01:17]} 31. Rb4 {[%emt 0:03:56]} Bd3 {[%emt 0:00:43]} 32. Rd4 {[%emt 0:00:03]} e5 {[%emt 0:08:01]} 33. Rd5 {[%emt 0:02:20]} e4 {[%emt 0:00:08]} 34. Nxe4 {[%emt 0:00:29]} Bxe4 {[%emt 0:03:55]} 35. Bxe4 {[%emt 0:00:05]} Nxe4 {[%emt 0:00:04]} 36. Re5 {[%emt 0:00:19]} f5 {[%emt 0:00:41]} 37. Rxe7 {[%emt 0:00:21]} Rc2 {[%emt 0:00:31]} 38. Bb6 {[%emt 0:01:06]} Rxa2 {[%emt 0:00:45]} 39. Bd4 {[%emt 0:00:41]} g6 40. Rg7+ {[%emt 0:00:00]} Kf8 {[%emt 0:00:00]} 41. Rxh7 {[%emt 0:00:00]} Ng5 {[%emt 0:00:00]} 42. Bc5+ {[%emt 0:00:00]} Kg8 {[%emt 0:00:00]} 43. Re7 {[%emt 0:00:00]} Rc2 {[%emt 0:00:00]} 44. Be3 {[%emt 0:00:00]} f4 {[%emt 0:00:00]} 45. gxf4 {[%emt 0:00:00]} Nf3+ {[%emt 0:00:00]} 46. Kg2 {[%emt 0:00:00]} Nh4+ {[%emt 0:00:00]} 47. Kh3 {[%emt 0:00:00]} Nf5 {[%emt 0:00:00]} 48. Re6 {[%emt 0:00:00]} Kf7 {[%emt 0:00:00]} 49. Rxa6 {[%emt 0:00:00]} Rc3 {[%emt 0:00:00]} 50. Kg4 {[%emt 0:00:00]} Nxe3+ {[%emt 0:00:00]} 51. fxe3 {[%emt 0:00:00]} Rxe3 {[%emt 0:00:00]} 52. Kg5 {[%emt 0:00:00]} Re2 {[%emt 0:00:00]} 53. Rf6+ {[%emt 0:00:00]} Ke7 {[%emt 0:00:00]} 54. Rxg6 {[%emt 0:01:28]} Rxh2 {[%emt 0:00:00]} 55. Rg7+ {[%emt 0:01:33]} Kf8 {[%emt 0:00:00]} 56. Ra7 {[%emt 0:02:33]} Rb2 {[%emt 0:00:00]} 57. f5 {[%emt 0:01:10]} Rb6 {[%emt 0:00:00]} 58. Rc7 {[%emt 0:00:31]} Rd6 1/2-1/2

[Event "POR-ch Absolute 2019"]
[Site "Portimao"]
[Date "2019.09.14"]
[Round "8.1"]
[White "Rego, Pedro Filipe"]
[Black "Fernandes, Antonio"]
[Result "0-1"]
[WhiteElo "2235"]
[BlackElo "2368"]
[Annotator "NA"]
[PlyCount "62"]
[EventDate "2019.09.07"]
[EventType "tourn"]
[EventCountry "POR"]
[SourceTitle "playchess.com"]
[Source "ChessBase"]
[SourceQuality "1"]
[TimeControl "5400+30"]

1. e4 {[%emt 0:00:00]} c5 {[%emt 0:10:49]} 2. c4 {[%emt 0:00:00]} Nc6 {[%emt 0:01:26]} 3. Nc3 {[%emt 0:00:00]} d6 {[%emt 0:00:39]} 4. g3 {[%emt 0:00:15]} h5 {[%emt 0:01:08]} 5. h3 {[%emt 0:00:10]} Bd7 {[%emt 0:18:25]} 6. Bg2 {[%emt 0:00:25]} a6 {[%emt 0:00:42]} 7. Nge2 {[%emt 0:03:51]} Rb8 {[%emt 0:25:25]} 8. a4 {[%emt 0:00:40]} Nf6 {[%emt 0:11:03]} 9. d3 {[%emt 0:00:58]} Qc8 {[%emt 0:03:34]} 10. Bg5 {[%emt 0:02:32]} e6 {[%emt 0:00:47]} 11. Qd2 {[%emt 0:02:37]} Be7 {[%emt 0:00:43]} 12. O-O {[%emt 0:00:48]} Nd4 {[%emt 0:00:17]} 13. Nxd4 {[%emt 0:00:14]} cxd4 {[%emt 0:00:01]} 14. Ne2 {[%emt 0:00:17]} e5 {[%emt 0:00:05]} 15. Kh2 {[%emt 0:01:57]} Ng8 {[%emt 0:17:36]} 16. Bxe7 {[%emt 0:01:31]} Nxe7 {[%emt 0:00:01]} 17. Qg5 {[%emt 0:01:34]} Kf8 {[%emt 0:00:27]} 18. b4 {[%emt 0:00:21]} a5 {[%emt 0:00:33]} 19. Qd2 {[%emt 0:04:22]} f6 {[%emt 0:02:05]} 20. bxa5 {[%emt 0:01:13]} Qc7 {[%emt 0:01:27]} 21. Nc1 {[%emt 0:11:08]} Nc6 {[%emt 0:01:57]} 22. Nb3 {[%emt 0:00:08]} Ra8 {[%emt 0:00:23]} 23. Rfb1 {[%emt 0:03:07]} Nd8 {[%emt 0:01:10]} 24. Rc1 {[%emt 0:02:27]} Ne6 {[%emt 0:00:18]} 25. Rcb1 {[%emt 0:05:05]} h4 {[%emt 0:00:27]} 26. Qb4 {[%emt 0:00:40]} Ke7 {[%emt 0:00:33]} 27. Qb6 {[%emt 0:02:45]} Qxb6 {[%emt 0:00:23]} 28. axb6 {[%emt 0:00:04]} Rxa4 {[%emt 0:00:50]} 29. Rxa4 {[%emt 0:04:05]} Bxa4 30. Na5 {[%emt 0:00:02]} Nc5 {[%emt 0:00:19]} 31. Bf3 {[%emt 0:05:56]} Ra8 {[%emt 0:00:16]} 0-1

[Event "POR-ch Absolute 2019"]
[Site "Portimao"]
[Date "2019.09.14"]
[Round "8.2"]
[White "Damaso, Rui"]
[Black "Dias, Paulo"]
[Result "1/2-1/2"]
[WhiteElo "2416"]
[BlackElo "2322"]
[Annotator "NA"]
[PlyCount "27"]
[EventDate "2019.09.07"]
[EventType "tourn"]
[EventCountry "POR"]
[SourceTitle "playchess.com"]
[Source "ChessBase"]
[SourceQuality "1"]
[TimeControl "5400+30"]

1. e4 {[%emt 0:02:50]} c6 {[%emt 0:00:00]} 2. Nf3 {[%emt 0:00:41]} d5 {[%emt 0:00:31]} 3. Nc3 {[%emt 0:00:06]} g6 {[%emt 0:03:05]} 4. d4 {[%emt 0:01:16]} Bg7 {[%emt 0:00:06]} 5. h3 {[%emt 0:03:37]} Nf6 {[%emt 0:00:47]} 6. e5 {[%emt 0:00:38]} Ne4 {[%emt 0:00:40]} 7. Bd3 {[%emt 0:06:45]} Nxc3 {[%emt 0:03:03]} 8. bxc3 {[%emt 0:00:07]} O-O {[%emt 0:16:20]} 9. O-O {[%emt 0:03:08]} c5 {[%emt 0:03:35]} 10. dxc5 {[%emt 0:15:30]} Nd7 {[%emt 0:00:49]} 11. Bf4 {[%emt 0:05:21]} Nxc5 {[%emt 0:01:19]} 12. Qc1 {[%emt 0:07:04]} Be6 {[%emt 0:12:31]} 13. Bh6 {[%emt 0:05:31]} Rc8 {[%emt 0:02:59]} 14. Re1 {[%emt 0:02:10]} 1/2-1/2